| 000 | 00465cam a2200181ua 4500 | ||
|---|---|---|---|
| 001 | 6550 | ||
| 008 | 140328n ii |||gr||||Z||||||asm | ||
| 040 | _cMAIN | ||
| 082 | _a346.07 | ||
| 245 |
_aBanijyik ain _cBy Prafulla sarma kotoky |
||
| 250 | _a1st ed. | ||
| 260 |
_aGuwahati : _bPathyaputhi prastuti samanay samiti, _c1983. |
||
| 300 | _ax,743p. | ||
| 653 | _aPrivate law | ||
| 653 | _aBanijyik ain | ||
| 700 |
_aKotoky,Prafulla Sarma, _eAuthor., |
||
| 942 | _cBK | ||
| 999 |
_c5699 _d5699 |
||